000 00373nam a2200145Ia 4500
008 220216s9999 xx 000 0 und d
100 _aJin Tan Kwan
245 0 _aRehabilatation of extensive wind-damaged areas
260 _bPlanters Bulletin
_c1992
300 _a14-20
650 _aHevea brasiliensis
650 _aRegeneration
650 _aWind damage
942 _cJS
999 _c66628
_d66628